• 首页
  • 本馆介绍
  • 公告通知
  • 最新文献
  • 馆藏检索
  • 电子资源
  • 读者导购
  • 参考咨询
  • 我的图书馆
  • 登录
  • 详细信息显示
  • 放入我的书架
  • 预约/预借图书
  • 作者相关作品
  • 分类相关作品
  • 丛书相关作品
  • 出版社相关作品

书目信息

  • 表格格式
  • 工作单格式
  • 卡片格式
题名:
科学经济学
    
 
作者: 谢尔仁斯基 著 ;程一敬 译
分册:  
出版信息: 北京   科学技术文献出版社  1987
页数: 198页
开本: 20cm
丛书名:
单 册:
中图分类: F062.1
科图分类:
主题词: 经济学--分支科学
电子资源:
ISBN:
000 00732nam0 2200217 450
001 0655728984
005 20060911153057.39
010    @dCNY1.65
100    @a20060911d1987 km y0chiy0120 ea
101 0  @achi@crus
102    @aCN@b110000
200 1  @a科学经济学@e对科学活动的评价与刺激@Ake xue jing ji xue@f(苏)谢尔仁斯基等著@F(su)xie er ren si ji deng zhu@g程一敬译@Gcheng yi jing yi
210    @a北京@c科学技术文献出版社@d1987
215    @a198页@d20cm
517 1  @a对科学活动的评价与刺激@Adui ke xue huo dong de ping jia yu ci ji
606 0  @a经济学@x分支科学
690    @aF062.1@v3
701  0 @a谢尔仁斯基@Axie er ren si ji@4著
702  0 @a程一敬@Acheng yi jing@4译
801  0 @aCN@bPFT@c20060911
905    @a10447@dF062.1@e42
    
    科学经济学:对科学活动的评价与刺激/(苏)谢尔仁斯基等著/程一敬译.-北京:科学技术文献出版社,1987
    198页;20cm
    
    
    ISBN :CNY1.65
    
●
相关链接 在E读中查询图书 在五车中查询图书 在当当中查询图书 在豆瓣中查询图书


正题名:科学经济学     索取号:F062.1/42         预约/预借

序号 登录号 条形码 馆藏地/架位号 状态 备注
1 0472021   204720212   密集书库/ [索取号:F062.1/42] 在馆    
唐山师范学院图书馆 欢迎您!
大连网信软件有限公司© 版权所有